000 01157naa a2200205 4500
001 216223525
003 UA-OsUOA
005 20230302133846.0
008 230302b un ||||| |||| 00| 0 ukr d
040 _aUA-OsUOA
_bukr
_cUA-OsUOA
_dUA-OsUOA
041 _aukr
080 _a908
090 _a908
100 _aПажимський О.М.
245 _aПроектна пропозиція ревіталізації будівлі палацу замку-резиденції князів Острозьких в Старому Костянтинові через її музеєфікацію – адекватний спосіб збереження пам'ятки культурної спадщини та її актуалізації
_cПажимський О.М.
300 _aС. 27–37
650 _2UDC
773 0 _0573672
_9468397
_aСтарокостянтинівська міська рада
_dСтарокостянтинів Бицик Ю. В. 2017
_o165432
_tКнязі Острозькі в історії Центрально-Східної Європи: минуле і сучасність
_z9786177094643
942 _2udc
_cBKA
999 _c573905
_d573905